Statistics for Non-Stop Scheduled Flights from South Africa with Exception

Click here to take the quiz!

General Stats

  • This quiz has been taken 286 times
  • The average score is 17 of 23

Answer Stats

Answer% Correct
London
98%
New York
95%
Paris
95%
Dubai
92%
Madrid
86%
Sydney
86%
Frankfurt
85%
Rome
85%
Amsterdam
84%
Doha
80%
Istanbul
80%
Sao Paulo
80%
Singapore
77%
Abu Dhabi
76%
Perth
70%
Hong Kong
64%
Munich
64%
Atlanta
62%
Beijing
62%
Tel Aviv
59%
Zurich
54%
Jeddah
41%
Cologne
7%

Score Distribution

Percentile by Number Answered

Percent of People with Each Score

Your Score History

You have not taken this quiz